[Event "Macieja Memorial"]
[Site "Warsaw POL"]
[Date "2022.07.08"]
[Round "3.1"]
[White "Socko, Bartosz"]
[Black "Chomczyk, Marek"]
[Result "1-0"]
[WhiteElo "2624"]
[BlackElo "2172"]
[EventDate "????.??.??"]
[PlyCount "151"]

1.d4 Nf6 2.c4 c5 3.d5 b5 4.cxb5 a6 5.e3 Bb7 6.Nc3 Qa5 7.Bd2 axb5 8.Bxb5 Qb6 
9.a4 Nxd5 10.Nf3 Nb4 11.O-O g6 12.e4 Bg7 13.Bf4 O-O 14.Bxb8 Rfxb8 15.Qxd7 Nc2 
16.Rac1 Nd4 17.Nxd4 Bxd4 18.Qxe7 Rd8 19.Nd5 Bxd5 20.exd5 Rxd5 21.Rc2 Re5 22.Qh4 
Rd8 23.h3 Rd6 24.b3 h5 25.Bc4 Kg7 26.Rd2 Qb4 27.Ra2 Qa5 28.Kh1 Rf6 29.f4 Re3 
30.f5 Qc3 31.Raf2 Rg3 32.Rf3 Rxf3 33.Rxf3 Qc1+ 34.Rf1 Qd2 35.Qf4 Be3 36.Qe5 Bd4 
37.Qf4 Be3 38.Qe5 Bd4 39.Qe2 Qc3 40.Qd3 Qb4 41.fxg6 fxg6 42.Rxf6 Bxf6 43.Qd7+ 
Kh6 44.Qd1 Qc3 45.Qf3 Qe1+ 46.Qf1 Qe5 47.a5 Bd8 48.a6 Bc7 49.Qg1 Bb6 50.Qc1+ 
Kg7 51.Qd1 Bc7 52.Qg1 Bb6 53.Bb5 Ba7 54.Qd1 Bb8 55.Qg1 Kh6 56.Bc4 Qf4 57.Bb5 
Kg5 58.Bc4 Kh6 59.Bb5 Kg5 60.Qxc5+ Kh6 61.Kg1 Be5 62.Qc4 Bd4+ 63.Kh1 Qe3 64.Qf1 
Be5 65.Qg1 Qf4 66.a7 Bd4 67.a8=Q Bxg1 68.Qh8+ Kg5 69.Qd8+ Kh6 70.Kxg1 Qe3+ 
71.Kf1 Qc1+ 72.Ke2 Kh7 73.Qd7+ Kh8 74.Qd4+ Kh7 75.Bd3 Qb2+ 76.Qxb2 1-0

[Event "Macieja Memorial"]
[Site "Warsaw POL"]
[Date "2022.07.08"]
[Round "3.2"]
[White "Kokoszczynski, Jan"]
[Black "Markowski, Tomasz"]
[Result "1/2-1/2"]
[WhiteElo "2160"]
[BlackElo "2504"]
[EventDate "????.??.??"]
[PlyCount "105"]

1.d4 c5 2.d5 d6 3.Nc3 g6 4.e4 Bg7 5.Nf3 Nf6 6.Bb5+ Bd7 7.a4 O-O 8.O-O Bxb5 
9.axb5 Nbd7 10.Re1 Nb6 11.h3 Ne8 12.Qe2 Nc7 13.Bf4 Qd7 14.Ra5 a6 15.bxa6 Rxa6 
16.Rea1 Rfa8 17.Rxa6 Rxa6 18.Rxa6 Nxa6 19.e5 Nc7 20.Qe4 dxe5 21.Nxe5 Bxe5 
22.Qxe5 Nbxd5 23.Nxd5 Nxd5 24.Bd2 f6 25.Qb8+ Kg7 26.b3 e5 27.c4 Ne7 28.Be3 Nc6 
29.Qa8 Nd4 30.Qa3 b6 31.b4 Nc2 32.Qc1 Nxb4 33.Bh6+ Kf7 34.h4 Nc6 35.Qa1 Qa7 
36.Qd1 Nd4 37.Qg4 Qe7 38.Qc8 Nf5 39.Bc1 Kg7 40.h5 Nd6 41.h6+ Kf7 42.Qh8 Ke6 
43.Bb2 Kd7 44.Qg7 Nxc4 45.Bc1 b5 46.Qg8 Nd6 47.Be3 Nf5 48.Qd5+ Qd6 49.Qf7+ Qe7 
50.Qd5+ Qd6 51.Qf7+ Qe7 52.Qd5+ Qd6 53.Qf7+ 1/2-1/2

[Event "Macieja Memorial"]
[Site "Warsaw POL"]
[Date "2022.07.08"]
[Round "3.3"]
[White "Klekowski, Maciej"]
[Black "Adamski, Jan"]
[Result "1-0"]
[WhiteElo "2476"]
[BlackElo "2088"]
[EventDate "????.??.??"]
[PlyCount "96"]

1.c4 e5 2.Nc3 Nf6 3.g3 Bb4 4.Bg2 O-O 5.e4 Bxc3 6.bxc3 c6 7.Ne2 d5 8.exd5 cxd5 
9.cxd5 Nxd5 10.O-O Nc6 11.d4 exd4 12.cxd4 Re8 13.h3 Bf5 14.Nf4 Nxf4 15.Bxf4 Be4 
16.d5 Bxg2 17.Kxg2 Ne5 18.Qd4 Nc6 19.Qd2 Ne5 20.Rfe1 Qd6 21.Qd4 f6 22.Rad1 Rad8 
23.Qxa7 Ra8 24.Bxe5 fxe5 25.Qxb7 Rxa2 26.Qb3 Rea8 27.Re3 Ra1 28.Rxa1 Rxa1 
29.Rc3 Ra8 30.Rc6 Qd7 31.d6+ Kh8 32.Qd5 Rf8 33.Rc3 h6 34.Qxe5 Qb7+ 35.Kg1 Qb6 
36.Re3 Qb1+ 37.Kg2 Qc2 38.Re2 Qc6+ 39.Kg1 Qd7 40.h4 Qg4 41.Rd2 Qd7 42.Qe7 Rf7 
43.Qxd7 Rxd7 44.Kg2 Kg8 45.Kf3 Kf7 46.Kf4 Ke6 47.h5 Rf7+ 48.Ke4 Rd7 1-0

[Event "Macieja Memorial"]
[Site "Warsaw POL"]
[Date "2022.07.08"]
[Round "3.4"]
[White "Chylewski, Patryk"]
[Black "Kosakowski, Jakub"]
[Result "0-1"]
[WhiteElo "2131"]
[BlackElo "2476"]
[EventDate "????.??.??"]
[PlyCount "80"]

1.e4 e5 2.Nf3 Nc6 3.Bb5 a6 4.Ba4 Nf6 5.d3 b5 6.Bb3 Bc5 7.O-O O-O 8.c3 h6 9.Nbd2 
d6 10.a4 Rb8 11.h3 Bb6 12.Re1 Be6 13.Bxe6 fxe6 14.Nf1 Ne7 15.d4 exd4 16.cxd4 c5 
17.dxc5 Bxc5 18.Ng3 Nc6 19.Be3 Nd7 20.axb5 axb5 21.Qb3 Qe7 22.Bxc5 Nxc5 23.Qe3 
Ra8 24.Red1 b4 25.Qe2 Rxa1 26.Rxa1 Qf6 27.Rd1 Ne5 28.Nd4 Ng6 29.Qe3 Nf4 30.Nde2 
Nxe2+ 31.Qxe2 Qe5 32.Rd2 b3 33.Qc4 Ra8 34.Kh2 Ra2 35.Qb4 Rxb2 36.Qb8+ Kh7 
37.Qxd6 Qxd6 38.Rxd6 Rxf2 39.Rb6 b2 40.Kg1 Rc2 0-1

[Event "Macieja Memorial"]
[Site "Warsaw POL"]
[Date "2022.07.08"]
[Round "3.5"]
[White "Pakleza, Zbigniew"]
[Black "Kanarkiewicz, Michal"]
[Result "1-0"]
[WhiteElo "2467"]
[BlackElo "2061"]
[EventDate "????.??.??"]
[PlyCount "99"]

1.d4 g6 2.Nf3 Bg7 3.Bf4 d6 4.e3 Nc6 5.Nc3 Nf6 6.h3 O-O 7.Be2 Nd7 8.O-O e5 9.Bh2 
f5 10.dxe5 Ndxe5 11.Nd4 Nxd4 12.exd4 Nc6 13.d5 Nd4 14.Bd3 f4 15.f3 Bf5 16.Ne4 
Bxe4 17.fxe4 f3 18.gxf3 Qg5+ 19.Kh1 Qe3 20.f4 a6 21.Qg4 Rae8 22.a4 Rxe4 23.Bxe4 
Qxe4+ 24.Qg2 Qxc2 25.Rac1 Qxg2+ 26.Kxg2 c5 27.dxc6 bxc6 28.f5 Nxf5 29.Rfe1 c5 
30.b3 Rb8 31.Rcd1 Bd4 32.Rd3 Rb7 33.Bg1 Kf7 34.Rf3 Bxg1 35.Kxg1 Rb4 36.Rd3 a5 
37.Rf1 Ke6 38.Re1+ Kf7 39.Re2 Rf4 40.Rf2 Rb4 41.Rxd6 Rxb3 42.Ra6 Rxh3 43.Rb2 
Re3 44.Rb7+ Ne7 45.Rxa5 Re5 46.Raa7 Kf6 47.a5 c4 48.Rc7 Re1+ 49.Kf2 Re5 50.Rxe7 1-0

[Event "Macieja Memorial"]
[Site "Warsaw POL"]
[Date "2022.07.08"]
[Round "3.6"]
[White "Lach, Aleksandra"]
[Black "Dziuba, Marcin"]
[Result "1-0"]
[WhiteElo "2083"]
[BlackElo "2466"]
[EventDate "????.??.??"]
[PlyCount "77"]

1.e4 c5 2.Nc3 a6 3.Nge2 d6 4.g3 g6 5.Bg2 Bg7 6.O-O Nc6 7.d3 Nf6 8.h3 O-O 9.f4 
Bd7 10.g4 b5 11.Ng3 e6 12.f5 b4 13.Nce2 exf5 14.exf5 Ne8 15.Nf4 Nc7 16.Nd5 Be5 
17.Bf4 Nxd5 18.Bxd5 Qh4 19.Kg2 Rae8 20.Qd2 Bxf4 21.Qxf4 Re5 22.Be4 d5 23.Bf3 g5 
24.Qd2 Rfe8 25.c3 Re3 26.Nh5 bxc3 27.Qxc3 Re2+ 28.Kg1 Nd4 29.Nf6+ Kf8 30.Nxd7+ 
Ke7 31.Qxc5+ Kxd7 32.Qxd5+ Ke7 33.Qc5+ Kd7 34.Qd5+ Ke7 35.Qc5+ Kd7 36.Qxd4+ Ke7 
37.Rf2 Qg3+ 38.Bg2 Rxf2 39.Qxf2 1-0

[Event "Macieja Memorial"]
[Site "Warsaw POL"]
[Date "2022.07.08"]
[Round "3.7"]
[White "Niezhentsev, Kyrylo"]
[Black "Brodowski, Piotr"]
[Result "0-1"]
[WhiteElo "2054"]
[BlackElo "2431"]
[EventDate "????.??.??"]
[PlyCount "72"]

1.c4 e5 2.g3 Nc6 3.Bg2 Bc5 4.Nc3 a6 5.Nf3 d6 6.O-O Nf6 7.e3 O-O 8.d4 Ba7 9.dxe5 
dxe5 10.Qxd8 Rxd8 11.b3 h6 12.Nh4 Be6 13.Ne4 Nd7 14.Bb2 f5 15.Nd2 Nc5 16.Rad1 
Nd3 17.Bc3 e4 18.Ng6 Bf7 19.Nf4 b5 20.Nd5 Bxd5 21.cxd5 Ne7 22.Ba1 Nxd5 23.Nxe4 
Nxe3 24.fxe3 Bxe3+ 25.Kh1 fxe4 26.Bxe4 Nf2+ 27.Kg2 Nxe4 28.Rxd8+ Rxd8 29.Re1 
Bd4 30.Bxd4 Rxd4 31.Kf3 Nf6 32.Re7 Rd7 33.Re6 Rd6 34.Re7 Rc6 35.Ke2 Rc2+ 36.Kd3 
Rxh2 0-1

[Event "Macieja Memorial"]
[Site "Warsaw POL"]
[Date "2022.07.08"]
[Round "3.8"]
[White "Danielyan, Vahe"]
[Black "Zerebiec, Maurycy"]
[Result "1-0"]
[WhiteElo "2419"]
[BlackElo "2023"]
[EventDate "????.??.??"]
[PlyCount "137"]

1.e4 e6 2.d4 d5 3.Nc3 Bb4 4.e5 Ne7 5.a3 Bxc3+ 6.bxc3 c5 7.a4 Nbc6 8.Nf3 h5 
9.Bd3 Nf5 10.O-O g6 11.Bg5 Qa5 12.Bf6 Rg8 13.Bxf5 exf5 14.dxc5 Qxc5 15.Ng5 Be6 
16.a5 Nxa5 17.Qd2 Nc4 18.Qf4 a5 19.Rfb1 b5 20.Nxe6 fxe6 21.Qh6 Ra7 22.Bh4 Rb7 
23.Qg5 Qc7 24.f4 Qd7 25.Bf2 Qe7 26.Qg3 g5 27.Bd4 Kd7 28.Qf2 gxf4 29.Qxf4 Qg5 
30.Qxg5 Rxg5 31.Kf2 Kc6 32.g3 Rbg7 33.Be3 Rg4 34.Bf4 h4 35.Rh1 Kc5 36.Kf3 h3 
37.Rhb1 Rb7 38.Rb3 Rbg7 39.Rbb1 Rb7 40.Rb3 Rbg7 41.Rbb1 a4 42.Bh6 R7g6 43.Bf4 
Rg8 44.Ra2 Ra8 45.Rb4 Rg7 46.Rb1 Rb7 47.Rba1 a3 48.Ke2 b4 49.cxb4+ Rxb4 50.Bc1 
Rba4 51.Bf4 Kd4 52.Rd1+ Kc5 53.Bg5 d4 54.Be7+ Kd5 55.c3 Kxe5 56.cxd4+ Ke4 
57.Bc5 Rb8 58.Kf1 Rb3 59.Re1+ Re3 60.Rc1 Rf3+ 61.Kg1 Ne3 62.Re1 Rc4 63.Rxa3 Rc2 
64.d5 f4 65.gxf4 Rg2+ 66.Kh1 Rff2 67.Raxe3+ Kxd5 68.Re5+ Kc6 69.Bxf2 1-0

[Event "Macieja Memorial"]
[Site "Warsaw POL"]
[Date "2022.07.08"]
[Round "3.9"]
[White "Pires, Emanuel Joao Robarts"]
[Black "Warakomski, Tomasz"]
[Result "0-1"]
[WhiteElo "2037"]
[BlackElo "2397"]
[EventDate "????.??.??"]
[PlyCount "78"]

1.e4 c5 2.Nf3 e6 3.e5 a6 4.Be2 Nc6 5.O-O Qc7 6.Re1 Nxe5 7.Nxe5 Qxe5 8.Bxa6 Qc7 
9.Be2 Nf6 10.Nc3 Be7 11.Nb5 Qc6 12.c4 O-O 13.Bf3 d5 14.d3 b6 15.Bf4 Bb7 16.a4 
Rad8 17.Na7 Qd7 18.Nb5 Rc8 19.Qe2 Bc6 20.h4 Rfd8 21.Red1 Qb7 22.Be5 h6 23.b3 
Rd7 24.g4 dxc4 25.Bxc6 Qxc6 26.dxc4 Rcd8 27.g5 hxg5 28.hxg5 Ne4 29.g6 fxg6 
30.Rxd7 Rxd7 31.Qg4 Ng5 32.Bf4 Nf3+ 33.Kh1 Rd3 34.Na7 Qe4 35.Nb5 Ne5+ 36.Qg2 
Qxf4 37.Re1 Qh4+ 38.Kg1 Nf3+ 39.Kf1 Nxe1 0-1

[Event "Macieja Memorial"]
[Site "Warsaw POL"]
[Date "2022.07.08"]
[Round "3.10"]
[White "Kanarek, Marcel"]
[Black "Lee, Hyo"]
[Result "1-0"]
[WhiteElo "2394"]
[BlackElo "2010"]
[EventDate "????.??.??"]
[PlyCount "85"]

1.e4 Nc6 2.Nf3 f5 3.exf5 d5 4.d4 Bxf5 5.Bb5 e6 6.Bxc6+ bxc6 7.O-O Bd6 8.c4 Nf6 
9.c5 Be7 10.Ne5 O-O 11.Nxc6 Qe8 12.Ne5 Nd7 13.Nxd7 Qxd7 14.Nc3 e5 15.dxe5 d4 
16.c6 Qxc6 17.Qxd4 Rad8 18.Qa4 Qc5 19.Be3 Qxe5 20.Bf4 Qc5 21.Bg3 Kh8 22.Rad1 
Bd3 23.Rfe1 Bf6 24.Qg4 Qb6 25.Rd2 Rd4 26.Qe6 Qc5 27.Red1 Bf5 28.Qe2 Rxd2 
29.Qxd2 h6 30.h3 Bg5 31.Qe2 Bg6 32.Qe5 Qb4 33.Qe2 Qa5 34.Rd5 Qb6 35.h4 Bf6 
36.h5 Bf7 37.Rd7 Be8 38.Rd1 Qa5 39.Nd5 Bxh5 40.Qxh5 Bxb2 41.Qe2 Ba3 42.Nf4 Bd6 
43.Ng6+ 1-0

[Event "Macieja Memorial"]
[Site "Warsaw POL"]
[Date "2022.07.08"]
[Round "3.11"]
[White "Kobak, Jakub"]
[Black "Krasenkow, Michal"]
[Result "1/2-1/2"]
[WhiteElo "2037"]
[BlackElo "2369"]
[EventDate "????.??.??"]
[PlyCount "85"]

1.e4 e5 2.Nf3 Nc6 3.d4 exd4 4.Bc4 Bc5 5.c3 Nf6 6.e5 d5 7.Bb5 Ne4 8.cxd4 Bb4+ 
9.Bd2 Nxd2 10.Nbxd2 Bd7 11.O-O O-O 12.Qb3 Bxd2 13.Bxc6 Bxc6 14.Nxd2 Qd7 15.Rfe1 
Rfe8 16.Qg3 Qf5 17.Rac1 Re7 18.Qf3 Qg6 19.Qg3 Qxg3 20.hxg3 Be8 21.f4 g6 22.Kf2 
c6 23.Nf1 Bd7 24.Ne3 h5 25.Kf3 Kg7 26.g4 hxg4+ 27.Nxg4 Bxg4+ 28.Kxg4 Rh8 29.Rh1 
Rxh1 30.Rxh1 Rc7 31.b4 b6 32.Rc1 Kf8 33.f5 gxf5+ 34.Kxf5 Ke7 35.g4 Rc8 36.g5 
Rc7 37.Rh1 c5 38.bxc5 bxc5 39.dxc5 Rxc5 40.Rh7 Rc1 41.e6 Rf1+ 42.Ke5 Re1+ 
43.Kxd5 1/2-1/2

[Event "Macieja Memorial"]
[Site "Warsaw POL"]
[Date "2022.07.08"]
[Round "3.12"]
[White "Smieszek, Wojciech"]
[Black "Nasuta, Grzegorz"]
[Result "0-1"]
[WhiteElo "2034"]
[BlackElo "2366"]
[EventDate "????.??.??"]
[PlyCount "76"]

1.e4 c5 2.Nf3 d6 3.d4 cxd4 4.Nxd4 Nf6 5.Nc3 a6 6.Be3 e6 7.Bd3 b5 8.O-O Bb7 9.a3 
Be7 10.f4 Nbd7 11.Qf3 Rc8 12.Rae1 O-O 13.Qh3 g6 14.f5 e5 15.Nf3 Nh5 16.Nd5 Bxd5 
17.exd5 Bf6 18.Nd2 Nc5 19.Ne4 Nxe4 20.Bxe4 Bg7 21.c3 a5 22.fxg6 hxg6 23.Bf5 
gxf5 24.Qxh5 f4 25.Bd2 f5 26.Rf3 Rf6 27.Rh3 Qb6+ 28.Kh1 Qf2 29.Qd1 Rg6 30.Rg1 
Qc5 31.Be1 Qc4 32.Rd3 Qe4 33.Bf2 Kf7 34.Rd2 Bf6 35.Re2 Qc4 36.Qd2 Rh8 37.Ree1 
Rxh2+ 38.Kxh2 Rh6+ 0-1

[Event "Macieja Memorial"]
[Site "Warsaw POL"]
[Date "2022.07.08"]
[Round "3.13"]
[White "Grochowski, Krzysztof"]
[Black "Heberla, Bartlomiej"]
[Result "0-1"]
[WhiteElo "2019"]
[BlackElo "2361"]
[EventDate "????.??.??"]
[PlyCount "58"]

1.e4 e5 2.d4 exd4 3.Nf3 Nc6 4.Bc4 Nf6 5.e5 Ng4 6.O-O Be7 7.Re1 d6 8.e6 fxe6 
9.Nxd4 e5 10.Nxc6 bxc6 11.h3 Nf6 12.Bb3 d5 13.Rxe5 O-O 14.Nc3 Bd6 15.Re1 Ng4 
16.Be3 Qh4 17.Qd2 Bh2+ 18.Kf1 Bg3 19.Nd1 Nxe3+ 20.Qxe3 Bf4 21.Qd3 a5 22.c4 Ba6 
23.Kg1 a4 24.Bc2 Bxc4 25.Qd4 Qg5 26.Ne3 Ba6 27.Rad1 Bd6 28.Qd2 Qf4 29.Bd3 Qh2+ 0-1

[Event "Macieja Memorial"]
[Site "Warsaw POL"]
[Date "2022.07.08"]
[Round "3.15"]
[White "Olszewski, Michal"]
[Black "Sarkar, Justin"]
[Result "1-0"]
[WhiteElo "2344"]
[BlackElo "2006"]
[EventDate "????.??.??"]
[PlyCount "45"]

1.Nf3 Nf6 2.c4 c5 3.Nc3 Nc6 4.d4 cxd4 5.Nxd4 e6 6.a3 Nxd4 7.Qxd4 b6 8.Qd3 Bb7 
9.e4 Qb8 10.Be2 Be7 11.O-O O-O 12.f4 d6 13.Bf3 a6 14.Be3 Bd8 15.g4 Bc7 16.g5 
Nd7 17.Bg2 Rd8 18.Rad1 Bc6 19.Bd4 b5 20.cxb5 axb5 21.f5 Ne5 22.Qh3 Qb7 23.fxe6 1-0

[Event "Macieja Memorial"]
[Site "Warsaw POL"]
[Date "2022.07.08"]
[Round "3.16"]
[White "Redzisz, Michal"]
[Black "Wieczorek, Oskar"]
[Result "0-1"]
[WhiteElo "1984"]
[BlackElo "2330"]
[EventDate "????.??.??"]
[PlyCount "70"]

1.d4 Nf6 2.c4 c5 3.d5 g6 4.Nc3 Bg7 5.Nf3 O-O 6.g3 d6 7.Bg2 Na6 8.O-O Nc7 9.Bf4 
a6 10.a4 Rb8 11.a5 b5 12.axb6 Rxb6 13.Qc2 Bg4 14.Nd2 Nh5 15.h3 Nxf4 16.hxg4 
Rxb2 17.Qc1 Bxc3 18.gxf4 Bg7 19.Ra3 Qb8 20.Rh3 Qb4 21.Ne4 Rxe2 22.Bf3 Ra2 
23.Kg2 Ra1 24.Qc2 Rxf1 25.Kxf1 Rb8 26.Kg2 Qb2 27.Qa4 Ne8 28.Qxa6 Nf6 29.Ng5 h6 
30.Ne4 Nxe4 31.Bxe4 Qd4 32.Re3 Rb2 33.Qc8+ Kh7 34.Kf3 Qd2 35.Bxg6+ fxg6 0-1

[Event "Macieja Memorial"]
[Site "Warsaw POL"]
[Date "2022.07.08"]
[Round "3.17"]
[White "Leniart, Arkadiusz"]
[Black "Czernek, Tymon"]
[Result "0-1"]
[WhiteElo "2327"]
[BlackElo "1973"]
[EventDate "????.??.??"]
[PlyCount "88"]

1.e4 c5 2.Nf3 d6 3.d4 cxd4 4.Nxd4 Nf6 5.Nc3 a6 6.h4 e5 7.Nb3 Be7 8.Bg5 Be6 
9.Bxf6 Bxf6 10.g3 O-O 11.Qd3 b5 12.O-O-O Be7 13.f4 Nc6 14.Kb1 Rc8 15.f5 Bxb3 
16.cxb3 Nd4 17.Nd5 Re8 18.g4 Bf8 19.g5 Rc2 20.Qg3 Rc6 21.h5 Qa5 22.g6 Rec8 
23.h6 Qd2 24.Bd3 Ne2 25.gxh7+ Kh8 26.hxg7+ Bxg7 27.Bc4 Qxd1+ 28.Rxd1 Nxg3 
29.Bd3 Nh5 30.Ne7 Nf4 31.Nxc8 Rxc8 32.Bf1 Kxh7 33.a4 bxa4 34.bxa4 a5 35.Rxd6 
Bh6 36.Rd7 Kg7 37.b3 Nh5 38.Bc4 Rf8 39.Ra7 Ng3 40.Bd5 Bd2 41.Kc2 Bb4 42.Kd3 Nh5 
43.Ke3 Nf4 44.Bc4 Bc5+ 0-1

[Event "Macieja Memorial"]
[Site "Warsaw POL"]
[Date "2022.07.08"]
[Round "3.19"]
[White "Nguyen, Piotr"]
[Black "Raczek, Krzysztof"]
[Result "1-0"]
[WhiteElo "2300"]
[BlackElo "1951"]
[EventDate "????.??.??"]
[PlyCount "97"]

1.c4 e5 2.g3 g6 3.Bg2 Bg7 4.Nc3 Nc6 5.e4 Nge7 6.Nge2 O-O 7.d3 d6 8.O-O Nd4 
9.Nxd4 exd4 10.Ne2 a5 11.b3 c5 12.a3 Nc6 13.Bf4 Re8 14.Qd2 Be6 15.Bh6 Ra6 
16.Rab1 Bxh6 17.Qxh6 Ne5 18.Qd2 Bh3 19.Nf4 Be6 20.b4 axb4 21.axb4 b6 22.bxc5 
bxc5 23.Rb3 Rb6 24.Ra3 Qb8 25.h3 Rb3 26.Rfa1 Rxa3 27.Rxa3 Qb1+ 28.Kh2 Rb8 
29.Ra7 Qb6 30.Qa2 g5 31.Nh5 Nc6 32.Ra6 Qc7 33.Qd2 h6 34.h4 Ne5 35.hxg5 Ng4+ 
36.Kg1 Rb1+ 37.Bf1 Ne5 38.Qf4 Bh3 39.Qf6 Kf8 40.Ra8+ Rb8 41.Rxb8+ Qxb8 42.Qh8+ 
Ke7 43.Qxb8 Nf3+ 44.Kh1 Bxf1 45.Qc7+ Kf8 46.Qxd6+ Kg8 47.Qd8+ Kh7 48.Nf6+ Kg6 
49.Qg8# 1-0

[Event "Macieja Memorial"]
[Site "Warsaw POL"]
[Date "2022.07.08"]
[Round "3.20"]
[White "Rudnicka, Ewa"]
[Black "Sadzikowski, Daniel"]
[Result "0-1"]
[WhiteElo "1937"]
[BlackElo "2297"]
[EventDate "????.??.??"]
[PlyCount "86"]

1.d4 Nf6 2.Nf3 e6 3.Bg5 c5 4.e3 b6 5.c3 Be7 6.Nbd2 O-O 7.Bd3 Ba6 8.Bxa6 Nxa6 
9.O-O Nb8 10.e4 d5 11.dxc5 bxc5 12.exd5 exd5 13.Nb3 Nbd7 14.Re1 Re8 15.Ne5 Rc8 
16.Qf3 Nxe5 17.Rxe5 Ne4 18.Bxe7 Rxe7 19.Rxe7 Qxe7 20.Rd1 Nf6 21.Kf1 Re8 22.h3 
h6 23.Kg1 Qc7 24.Kf1 Qh2 25.g4 Qd6 26.Kg2 Qc7 27.Qg3 Qc6 28.Qf4 d4+ 29.Qf3 Qb6 
30.cxd4 cxd4 31.Rxd4 a5 32.Rd2 a4 33.Nd4 Rd8 34.Nf5 Rxd2 35.Ne7+ Kf8 36.Nf5 Rd8 
37.h4 Qb4 38.Kh3 Qxg4+ 39.Qxg4 Nxg4 40.Kxg4 Rd2 41.b3 a3 42.f4 Rxa2 43.Nd4 Rb2 0-1

[Event "Macieja Memorial"]
[Site "Warsaw POL"]
[Date "2022.07.08"]
[Round "3.21"]
[White "Kowalski, Igor"]
[Black "Smykowski, Mateusz"]
[Result "1-0"]
[WhiteElo "2287"]
[BlackElo "1912"]
[EventDate "????.??.??"]
[PlyCount "39"]

1.d4 Nc6 2.d5 Ne5 3.Bf4 Ng6 4.Bg3 e5 5.dxe6 fxe6 6.e3 Nf6 7.Bd3 Ne7 8.Nf3 Nc6 
9.Nbd2 Bb4 10.c3 Ba5 11.e4 Bb6 12.e5 Ng8 13.Ne4 Nge7 14.Nfg5 Nf5 15.Qh5+ g6 
16.Qf3 O-O 17.Nf6+ Kg7 18.Ngxh7 Rh8 19.Ng5 Nxg3 20.Qxg3 1-0

[Event "Macieja Memorial"]
[Site "Warsaw POL"]
[Date "2022.07.08"]
[Round "3.22"]
[White "Socko, Monika"]
[Black "Skrzypczynski, Kacper"]
[Result "0-1"]
[WhiteElo "2286"]
[BlackElo "1746"]
[EventDate "????.??.??"]
[PlyCount "136"]

1.e4 d6 2.d4 Nf6 3.f3 e5 4.d5 Be7 5.c4 a5 6.Nc3 Na6 7.Be3 O-O 8.Qd2 Nc5 9.Nge2 
c6 10.Nc1 cxd5 11.cxd5 Ne8 12.Be2 f5 13.O-O fxe4 14.fxe4 Rxf1+ 15.Bxf1 Nf6 
16.Bxc5 dxc5 17.Be2 Ng4 18.Bxg4 Bxg4 19.Nd3 Qc7 20.a4 c4 21.Nf2 Bd7 22.Kh1 Rf8 
23.Qe2 Qb6 24.Rf1 Bc5 25.Nfd1 Rxf1+ 26.Qxf1 Qb4 27.h3 Bd4 28.Qe2 Bxa4 29.d6 
Bxd1 30.Nxd1 Qxd6 31.Qxc4+ Kf8 32.Qc8+ Ke7 33.Qxb7+ Qd7 34.Qb3 a4 35.Qc4 Kf6 
36.Kh2 h6 37.Qe2 Kf7 38.Nf2 Kg8 39.Qc4+ Kh7 40.Nd3 Qa7 41.Qe6 Qb6 42.Qf5+ Qg6 
43.g4 Qxf5 44.gxf5 Kg8 45.Kg3 Kf7 46.Kg4 Kf6 47.h4 g6 48.h5 gxf5+ 49.exf5 e4 
50.Nf4 Bxb2 51.Nd5+ Kf7 52.Kf4 a3 53.Nb4 e3 54.Kxe3 Kf6 55.Kf4 Bc1+ 56.Ke4 Bb2 
57.Nd5+ Kg5 58.Nb4 Kxh5 59.Kd5 Kg5 60.Ke6 h5 61.Nc2 a2 62.Kd5 a1=Q 63.Nxa1 Bxa1 
64.Ke4 Kg4 65.Ke3 Kg3 66.Ke2 Kg2 67.Ke3 h4 68.Kf4 h3 0-1

[Event "Macieja Memorial"]
[Site "Warsaw POL"]
[Date "2022.07.08"]
[Round "3.23"]
[White "Dylag, Emilia"]
[Black "Jarmula, Lukasz"]
[Result "0-1"]
[WhiteElo "1930"]
[BlackElo "2246"]
[EventDate "????.??.??"]
[PlyCount "78"]

1.d4 d5 2.c4 dxc4 3.e4 b5 4.a4 c6 5.axb5 cxb5 6.Nc3 a6 7.Nxb5 axb5 8.Rxa8 Bb7 
9.Ra1 e6 10.Nf3 Nf6 11.Be2 Bb4+ 12.Bd2 Bxd2+ 13.Qxd2 Nxe4 14.Qf4 O-O 15.O-O Qd5 
16.Qe5 Nc6 17.Qxd5 exd5 18.Rfd1 b4 19.Ne5 Nxe5 20.dxe5 Rb8 21.Bf3 h6 22.Bxe4 
dxe4 23.Rac1 Rc8 24.Rd4 Ba6 25.Rxe4 Rd8 26.f4 Rd2 27.Ra1 Bb7 28.Rxc4 Rxg2+ 
29.Kf1 Rxb2 30.Ra7 Bd5 31.Rd4 Be6 32.Rb7 b3 33.Rd8+ Kh7 34.Rdb8 Rxh2 35.Rb4 h5 
36.Kg1 Rc2 37.Kf1 h4 38.Kg1 h3 39.Rxb3 h2+ 0-1

[Event "Macieja Memorial"]
[Site "Warsaw POL"]
[Date "2022.07.08"]
[Round "3.24"]
[White "Baum, Jonasz"]
[Black "Siekanska, Maria"]
[Result "1/2-1/2"]
[WhiteElo "2240"]
[BlackElo "1702"]
[EventDate "????.??.??"]
[PlyCount "81"]

1.d4 d5 2.c4 e6 3.Nf3 c5 4.e3 Nf6 5.Nc3 Nc6 6.a3 a6 7.dxc5 Bxc5 8.b4 Ba7 9.Bb2 
O-O 10.Be2 dxc4 11.Bxc4 b5 12.Bd3 Bb7 13.O-O Qe7 14.Ne4 Nxe4 15.Bxe4 Rac8 
16.Qe2 Rfd8 17.Rfd1 Nb8 18.Bd3 Nd7 19.Rac1 Nf6 20.h3 Bb8 21.e4 Nh5 22.g3 Rxc1 
23.Rxc1 Qd6 24.Ne5 Nxg3 25.fxg3 f6 26.Bc2 fxe5 27.Rd1 Qe7 28.Rxd8+ Qxd8 29.Qd3 
Qxd3 30.Bxd3 Kf7 31.Kg2 Ke7 32.Kf3 Kd6 33.Bc2 Bc6 34.Bb3 Ba7 35.Bc1 Bd4 36.Bc2 
Bb6 37.Bd3 a5 38.Bd2 a4 39.Bc1 Bd4 40.Ke2 Bd7 41.Kf3 1/2-1/2

[Event "Macieja Memorial"]
[Site "Warsaw POL"]
[Date "2022.07.08"]
[Round "3.25"]
[White "Chiszko, Oskar"]
[Black "Sriram, Jha"]
[Result "1-0"]
[WhiteElo "1694"]
[BlackElo "2239"]
[EventDate "????.??.??"]
[PlyCount "117"]

1.e4 d6 2.d4 Nf6 3.Nc3 c6 4.Nf3 Bg4 5.Be2 e6 6.Be3 Be7 7.h3 Bh5 8.O-O O-O 9.g4 
Bg6 10.Bd3 d5 11.e5 Nfd7 12.Nd2 c5 13.Ne2 Bxd3 14.cxd3 cxd4 15.Bxd4 Nc6 16.Bc3 
Ndxe5 17.d4 Nd7 18.f4 Rc8 19.Nf3 Bd6 20.Ne5 f6 21.Nd3 Qb6 22.a3 Na5 23.Bxa5 
Qxa5 24.b4 Qb6 25.Nc5 Bxc5 26.dxc5 Qd8 27.Nd4 Re8 28.Re1 Nf8 29.Nb5 Re7 30.Nxa7 
Ra8 31.Nb5 e5 32.Nd6 d4 33.Qb3+ Kh8 34.Nf7+ Rxf7 35.Qxf7 Ng6 36.fxe5 Nxe5 
37.Qxb7 d3 38.Red1 Qd4+ 39.Kh2 Re8 40.Qg2 h5 41.gxh5 Qe3 42.Rf1 Rd8 43.Qg3 Qd4 
44.h6 g5 45.Rad1 Rf8 46.Rd2 Qe4 47.Rdf2 f5 48.Qxg5 Rg8 49.Qf6+ Kh7 50.Qxf5+ 
Qxf5 51.Rxf5 Nc4 52.Rf7+ Kxh6 53.R1f4 Rd8 54.Rxc4 d2 55.Rf1 d1=Q 56.Rxd1 Rxd1 
57.c6 Rd2+ 58.Kg3 Rd3+ 59.Kf4 1-0

[Event "Macieja Memorial"]
[Site "Warsaw POL"]
[Date "2022.07.08"]
[Round "3.26"]
[White "Grabarczyk, Miroslaw"]
[Black "Wieckowski, Michal"]
[Result "1/2-1/2"]
[WhiteElo "2221"]
[BlackElo "1628"]
[EventDate "????.??.??"]
[PlyCount "107"]

1.d4 f5 2.c4 Nf6 3.Nf3 g6 4.g3 Bg7 5.Bg2 O-O 6.b4 d6 7.Bb2 Ne4 8.O-O c5 9.Qb3 
cxb4 10.Qxb4 Nc6 11.Qb3 Qb6 12.Rd1 e5 13.Nc3 Nxc3 14.Bxc3 e4 15.Qxb6 axb6 
16.Ng5 Ra3 17.Bb2 Ra4 18.e3 h6 19.Nh3 g5 20.Rd2 Nb4 21.d5 Bd7 22.a3 Rfa8 
23.Bxg7 Kxg7 24.Rb2 R8a6 25.Rab1 Nd3 26.Rxb6 Bc8 27.Rxa6 Rxa6 28.f3 exf3 
29.Bxf3 Rxa3 30.Nf2 Nxf2 31.Kxf2 Kf6 32.Be2 Ke5 33.h4 g4 34.Rb6 Ra6 35.Rb2 Ra3 
36.Rb6 Ra6 37.Rb2 Ra3 38.Rb1 Ra2 39.Rb6 Ra6 40.Rb2 Ra3 41.Bf1 Ra4 42.Bd3 Ra3 
43.Ke2 h5 44.Kd2 Ra1 45.Ke2 Rg1 46.Kf2 Ra1 47.Be2 Ra3 48.Rb1 Ra2 49.Rb4 Ra3 
50.Rb2 Ra1 51.Bd3 Ra3 52.Ke2 Ra4 53.Kd2 Ra1 54.Ke2 1/2-1/2

[Event "Macieja Memorial"]
[Site "Warsaw POL"]
[Date "2022.07.08"]
[Round "3.27"]
[White "Bebnik, Malgorzata"]
[Black "Mickiewicz, Piotr"]
[Result "0-1"]
[WhiteElo "1661"]
[BlackElo "2209"]
[EventDate "????.??.??"]
[PlyCount "61"]

1.d4 Nf6 2.c4 d6 3.Nc3 Nbd7 4.e4 e5 5.d5 Nc5 6.Qc2 a5 7.Be3 Be7 8.Be2 O-O 9.Nf3 
b6 10.h3 Ne8 11.g4 g6 12.O-O-O Ng7 13.Nd2 Bg5 14.Rdf1 Bd7 15.f4 exf4 16.Bxf4 
Qe7 17.h4 Bxf4 18.Rxf4 Rae8 19.h5 h6 20.hxg6 fxg6 21.Rhf1 Qg5 22.Rxf8+ Rxf8 
23.Rxf8+ Kxf8 24.Qd1 Ne8 25.Kb1 Nf6 26.Qf1 Kg7 27.Qf3 Qxd2 28.e5 Qe1+ 29.Kc2 
dxe5 30.Qe3 Nxg4 31.Qf3 0-1

[Event "Macieja Memorial"]
[Site "Warsaw POL"]
[Date "2022.07.08"]
[Round "3.28"]
[White "Koziorowicz, Michal"]
[Black "Mulawa, Cyprian"]
[Result "1-0"]
[WhiteElo "2202"]
[BlackElo "1400"]
[EventDate "????.??.??"]
[PlyCount "61"]

1.e4 c5 2.Nf3 d6 3.Bb5+ Bd7 4.Bxd7+ Qxd7 5.O-O Nc6 6.c3 Nf6 7.Re1 e6 8.d4 cxd4 
9.cxd4 d5 10.e5 Ne4 11.Nbd2 Nxd2 12.Bxd2 Be7 13.Rc1 O-O 14.a3 Rfc8 15.Rc3 b5 
16.Rd3 b4 17.a4 Na5 18.b3 Rc6 19.h4 Rac8 20.Ng5 Bf8 21.Rf3 Qe8 22.Nxf7 Rc2 
23.Ng5 Qg6 24.Rg3 h6 25.Nh3 Qh7 26.Qg4 R8c6 27.Qf4 a6 28.Rf3 Qf5 29.Qg3 Qh7 
30.h5 Rxd2 31.Qf4 1-0

[Event "Macieja Memorial"]
[Site "Warsaw POL"]
[Date "2022.07.08"]
[Round "3.29"]
[White "Vanduyfhuys, Igor"]
[Black "Pacan-milej, Kosma"]
[Result "0-1"]
[WhiteElo "1447"]
[BlackElo "2183"]
[EventDate "????.??.??"]
[PlyCount "66"]

1.e4 c6 2.d4 d5 3.Nc3 dxe4 4.Nxe4 Nf6 5.Nxf6+ exf6 6.c3 Bd6 7.Bd3 O-O 8.Ne2 Re8 
9.O-O Nd7 10.Qc2 Nf8 11.Nf4 Qc7 12.g3 Ng6 13.Nxg6 hxg6 14.Be4 f5 15.Bg2 f4 
16.Bd2 Bf5 17.Qb3 Be4 18.Rfe1 Bxg2 19.Kxg2 Qd7 20.Rxe8+ Rxe8 21.Re1 Rxe1 
22.Bxe1 Qf5 23.Qd1 Qd5+ 24.Kg1 Qxa2 25.Qe2 f3 26.Qe8+ Bf8 27.b4 Qb1 28.h3 Qd3 
29.Qe3 Qd1 30.Kh2 Bd6 31.Qe8+ Kh7 32.Qd8 Qxe1 33.Qh4+ Kg8 0-1